|
|
|
|
| LEADER |
00000nab a2200000 a 4500 |
| 001 |
vtls000772568 |
| 003 |
SK-MaSNL |
| 005 |
20260304181955.0 |
| 008 |
140303c2001 xo 0 slo |
| 015 |
|
|
|a SNBRB2001/10-28934
|
| 035 |
|
|
|a CLN000124355
|
| 040 |
|
|
|a SNKBUCL
|b slo
|c SNKBUCL
|e AACR2
|
| 041 |
0 |
|
|a slo
|
| 044 |
|
|
|a xo
|c SK
|
| 080 |
|
|
|a 615.849:061.3
|2 1997
|
| 100 |
1 |
|
|a Kresánek, Peter
|4 aut
|9 274782
|
| 245 |
1 |
0 |
|a Včasná diagnostika zhubných nádorov významnou prioritou
|b počet zariadení pozitrónovej emisnej tomografie sa vo svete do roku 2005 strojnásobí
|c Peter Kresánek
|
| 300 |
|
|
|b Obr.
|
| 611 |
1 |
7 |
|a Európska škola nukleárnej medicíny
|n 20.
|d 2001
|c Bratislava, Slovensko
|2 SNK
|9 1512598
|
| 648 |
|
7 |
|a 2001
|2 SNK
|9 296180
|
| 650 |
0 |
7 |
|a nukleárna medicína
|2 SNKPH
|9 909
|
| 650 |
0 |
7 |
|a odborné podujatia
|2 SNK
|9 839632
|
| 655 |
|
7 |
|a články z novín a časopisov
|2 SNK
|9 267496
|
| 773 |
0 |
|
|t Zdravotnícke noviny
|g Roč. 6, č. 37 (2001), s. 4
|x 1335-4477
|
| 850 |
|
|
|a Slovenská národná knižnica v Martine
|
| 852 |
|
|
|a SNK
|b KIS3GCP
|
| 958 |
|
|
|a MI
|
| 992 |
|
|
|a RBX
|
| 999 |
|
|
|c 3026913
|d 3028843
|